The five-year economic plan : Sharing a better quality of life around the globe

Uloženo v:
Podrobná bibliografie
Médium: Kniha
Jazyk:Undetermined
Vydáno: Tokyo Economic Planning Agency Government of Japan 1992
Témata:
Tagy: Přidat tag
Žádné tagy, Buďte první, kdo otaguje tento záznam!
Thư viện lưu trữ: Trung tâm Học liệu Trường Đại học Cần Thơ
LEADER 00523nam a2200181Ia 4500
001 CTU_99651
008 210402s9999 xx 000 0 und d
082 |a 330.952 
082 |b F565 
245 4 |a The five-year economic plan : 
245 0 |b Sharing a better quality of life around the globe 
260 |a Tokyo 
260 |b Economic Planning Agency Government of Japan 
260 |c 1992 
650 |a Economic planning 
650 |z Japan 
904 |i Năm 
980 |a Trung tâm Học liệu Trường Đại học Cần Thơ